000 00743nam a2200253 i 4500
001 C2-0215793
003 PPAK
005 20180728104356.0
008 990504s1997 ncua|||| ||||| | eng d
020 _a1566045185
040 _aPPAK
_beng
_cPPAK
_erda
082 0 4 _a005.8
_2 23
090 0 0 _a005.8
_bALE
_dR
100 1 _aAlexander, Michael,
_eauthor
245 1 0 _aNet security :
_byou digital doberman
250 _a1st. edition
264 1 _aNorth Carolina :
_bVentana ,
_c1997
300 _axxii, 282 pages :
_billustrations ;
_c24 cm
336 _2rdacontent
_atext
337 _2rdamedia
_aunmediated
338 _2rdacarrier
_avolume
650 1 0 _aElectronic commerce - Security measures ; Computer security
942 _ddc
_cB
999 _c159505
_d159505